000 00233 a2200109 4500
020 _a9788195231966
100 _aJacob Abraham
245 _aKumari(കുമരി)
250 _a2nd
260 _bManorama books
_c2024
942 _cOO
999 _c116140
_d116139